Nechám sa niesť prúdom

Bibliographic Details
Main Authors: Lispuchová, Silvia (Author, Interviewer), Magálová, Kamila, 1950- (Author)
Format: Article
Language:Slovak
PhysicalDescription:Fotogr.
ISSN:0139-7451
Subjects:

MARC

LEADER 00000nab a2200000 ar4500
001 vtls009521498
003 SK-MaSNL
005 20260303060800.0
008 090604c2009 xo wr|p|||||||000 b|slo
015 |a SNBRB2009/06  |2 snkbucl 
038 |a SNKBUCL 
040 |a SNKBUCL  |b slo  |c SNKBUCL  |e AACR2 
041 |a slo 
044 |a xo  |c SK 
080 |a 791.44.071.2  |2 1997 
080 |a 792.071.2  |2 1997 
100 1 |a Lispuchová, Silvia  |4 aut  |4 ivr  |9 1035038 
245 1 0 |a Nechám sa niesť prúdom  |c Silvia Lispuchová, Kamila Magálová 
300 |b Fotogr. 
600 1 7 |a Magálová, Kamila,  |d 1950-  |2 snkbucl  |9 101716 
655 7 |a rozhovory  |2 snkbucl  |9 31831 
700 1 |a Magálová, Kamila,  |d 1950-  |4 aut  |4 ive  |9 101716 
773 0 |t Eurotelevízia  |g Roč. 19, č. 18 (2009), s. 6-9  |x 0139-7451 
852 |a SNK  |b KIS3GCP 
958 |a BX 
999 |c 1732896  |d 1734826